Loading...
| Fine Arts - Other Arts | 2 | 0 | 0 | 0 | 30 | 67 | 72.00 | 0 | 1 | 7.12 | 8.33 |
| Literature - American | 2 | 0 | 1 | 0 | 25 | 63 | 81.50 | 0 | 2 | 5.78 | 11.31 |
| Beliefs | 0 | 2 | 0 | 1 | 20 | 121 | 132.50 | 0 | 0 | 0.62 | 4.00 |
| Literature - British | 0 | 1 | 0 | 1 | 10 | 140 | 140.00 | 0 | 0 | 0.05 | 0.60 |
| Literature - World | 0 | 1 | 0 | 1 | 10 | 137 | 137.00 | 0 | 0 | 0.05 | 1.95 |
| History - American | 0 | 1 | 1 | 0 | 5 | 96 | 96.00 | 0 | 0 | 1.87 | 4.76 |
| Visual Arts | 0 | 1 | 1 | 0 | 5 | 74 | 74.00 | 0 | 0 | 3.55 | 3.57 |
| Literature - European | 0 | 0 | 0 | 0 | 0 | 0.00 | 0 | 0 | 0.00 | 0.00 | |
| Social Science | 0 | 0 | 0 | 0 | 0 | 0.00 | 0 | 0 | 0.00 | 0.00 | |
| History - European | 0 | 0 | 1 | 0 | -5 | 0.00 | 0 | 0 | 0.00 | 0.00 |